Pokemon Moves Starting with the Letter B - Statistics

General Stats
  • This quiz has been taken 195 times
    142 since last reset
  • The average score is 40 of 54
Answer Stats
Type Phys/Spec/Status Special Effect Answer % Correct
Fighting Physical Destroys barriers (reflect, light screen, aurora veil) Brick Break
95%
Normal Status Give up half maximum HP, Atk stat maxes out Belly Drum
93%
Normal Status User switches out and gives replacement stat changes Baton Pass
91%
Normal Physical User deals double damage taken back to foe after 2 turns Bide
91%
Flying Physical User receives 1/3 recoil damage Brave Bird
91%
Normal Physical May paralyze foe Body Slam
90%
Bug Physical User eats berry of foe if they are holding one Bug Bite
90%
Fire Special User unable to move next turn Blast Burn
89%
Bug Special May lower foe Spec. Def. Bug Buzz
88%
Dark Physical May make the foe flinch Bite
86%
Ground Physical Guaranteed to lower foe speed stat Bulldoze
85%
Normal Physical Foe takes damage for 2-5 turns after use, cannot switch out Bind
84%
Flying Physical Two turn move. May cause paralysis. Bounce
84%
Water Special May lower foe speed stat Bubble
84%
Water Special May lower foe speed stat Bubblebeam
84%
Steel Physical High priority move. Bullet Punch
84%
Grass Physical Hits 2-5 times Bullet Seed
83%
Fire Special Only usable by Fire type, User becomes typeless after use Burn Up
83%
Dark Physical All party members attack the opponent Beat Up
81%
Fighting Status Raise users Atk and Def Bulk Up
81%
Poison Status Protects user from almost all other moves and poisons on contact Baneful Bunker
80%
Dark Special Deals damage and sets Reflect. Signature of Partner Eevee Baddy Bad
79%
Ice Special May freeze foe Blizzard
79%
Flying Physical Burns target if using a contact move, Low priority move Beak Blast
78%
Water Special Deals double damage if opponent has 50% hp or less Brine
77%
Poison Special Fails if user does not have a berry Belch
75%
Steel Physical Deals double damage to Dynamaxed foe. Signature of Zamazenta. Behemoth Bash
74%
Steel Physical Deals double damage to Dynamaxed foe. Signature of Zacian Behemoth Blade
74%
Normal Status Foe cannot switch out or run away Block
74%
Fire Physical Restores HP by 50% of damage dealt. Signature of Ceruledge. Damage increases 50% with Sharpness Bitter Blade
73%
Normal Special Unable to be used twice in a row. Signature of Ursaluna Blood Moon
73%
Fire Physical High Crit. Rate, May burn foe Blaze Kick
72%
Ground Physical May make the foe flinch Bone Club
72%
Ground Physical Hits 2 times Bonemerang
70%
Normal Physical Hits 2-5 times Barrage
69%
Fighting Physical Uses Def. stat of user instead of Attack Body Press
69%
Fairy Status Lower foe Atk by 1 stage, priority move Baby-Doll Eyes
68%
Electric Physical May paralyze foe Bolt Strike
68%
Ground Physical Hits 2-5 times Bone Rush
67%
Electric Physical Power Doubles if user moves first. Signature of Fossilized Bird Bolt Beak
65%
Poison Physical 30% Chance to Poison. Signature of Qwilfish line. Barb Barrage
63%
Flying Special 30% Chance to Frostbite foe. Signature of Tornadus Bleakwind Storm
63%
Water Physical Restores 50% of damage to user. Signature of Partner Eevee. Bouncy Bubble
63%
Dragon Physical Lowers foe Attack by 1 Stage Breaking Swipe
63%
Fire Special Burns foe if their stats increased that turn Burning Jealousy
63%
Psychic Status Raise users Def. by 2 stages Barrier
62%
Ghost Special 30% Chance to leave user with Frostbite Condition. Signature of Hisuian Zorua/Zoroark Bitter Malice
60%
Normal Status User gives held item to target if they are not holding one Bestow
59%
Electric Special Always Paralyzes. Signature of Partner Eevee Buzzy Buzz
57%
Fire Physical 30% Chance to burn foe. Signature of Schedar Starmobile Blazing Torque
56%
Normal Special No special effect Boomburst
52%
Dark Physical N/A Brutal Swing
44%
Fire Special May burn foe Blue Flare
42%
Grass Physical No Special Effect Branch Poke
38%
No matching quizzes found
Score Distribution
Percent of People with Each Score
Percentile by Number Answered
Your Score History
You have not taken this quiz since the last reset